| 000 | 00473cam a2200181ua 4500 | ||
|---|---|---|---|
| 020 |
_a0 8306 1295 5 _c36.00 |
||
| 041 |
_aeng _h |
||
| 082 |
_a005.133 _bWAT/FI |
||
| 100 | _aWatson, William Scott . | ||
| 245 |
_a55 Advanced computer programs in BASIC / _cWilliam Scott Watson. _hTextual Documents |
||
| 250 |
_a1 / _b. |
||
| 260 |
_a : _bTAB Books Inc. , _c1981. |
||
| 300 | _a252 ; . | ||
| 365 | _a36.00 | ||
| 504 | _a | ||
| 942 | _cBK | ||
| 999 |
_c9687 _d9687 |
||